Gaming Quiz

Random Gaming or Board Games Quiz
Score 0/55 Timer 07:00
8 Plays Today
Set Pieces % Correct
3 'Chess' Pieces Able to Move Diagonally to Adjacent Unoccupied SquareQueen
83.9%
3 'Chess' Pieces Able to Move Diagonally to Adjacent Unoccupied SquareKing
81.3%
6 Original 'Clue' WeaponsRevolver
80.9%
10 Original 'Monopoly' Game PiecesRacecar
80.7%
6 Original 'Clue' WeaponsRope
79.8%
3 'Chess' Pieces Able to Move Diagonally to Adjacent Unoccupied SquareBishop
79.8%
10 Original 'Monopoly' Game PiecesScottie Dog
77.2%
6 Original 'Clue' WeaponsKnife
70.9%
6 Original 'Clue' WeaponsCandlestick
68.7%
10 Original 'Monopoly' Game PiecesTop Hat
65.9%
10 Original 'Monopoly' Game PiecesIron
63.5%
6 Original 'Clue' WeaponsLead pipe
59.9%
10 Original 'Monopoly' Game PiecesThimble
55.9%
10 Original 'Monopoly' Game PiecesShoe
50.2%
10 Original 'Monopoly' Game PiecesBattleship
46.8%
1 Name of 'Sorry!' Game PiecePawn
43.8%
6 Original 'Clue' WeaponsWrench
42.4%
9 Numbered 'Stratego' Piece RanksGeneral
41.4%
5 'The Settlers of Catan' ResourcesTimber
40%
8 'Operation' Ailments Worth More Than 100 PointsFunny Bone
36.4%
5 'The Settlers of Catan' ResourcesOre
35.4%
5 'The Settlers of Catan' ResourcesWheat
33.4%
10 Original 'Monopoly' Game PiecesMan on Horseback
31%
9 Numbered 'Stratego' Piece RanksCaptain
30.5%
9 Numbered 'Stratego' Piece RanksLieutenant
30.4%
9 Numbered 'Stratego' Piece RanksColonel
30.1%
7 'Risk' Territories on 'Europe' Continent (Original Version)Western Europe
29%
5 'The Settlers of Catan' ResourcesSheep
28.9%
Set Pieces % Correct
10 Original 'Monopoly' Game PiecesWheelbarrow
27.4%
5 'The Settlers of Catan' ResourcesBrick
27.4%
7 'Risk' Territories on 'Europe' Continent (Original Version)Southern Europe
26.1%
7 'Risk' Territories on 'Europe' Continent (Original Version)Iceland
26%
7 'Risk' Territories on 'Europe' Continent (Original Version)Ukraine
25.4%
9 Numbered 'Stratego' Piece RanksMajor
25.2%
7 'Risk' Territories on 'Europe' Continent (Original Version)Northern Europe
24.3%
9 Numbered 'Stratego' Piece RanksSergeant
22.5%
7 'Risk' Territories on 'Europe' Continent (Original Version)Scandinavia
22.2%
7 'Risk' Territories on 'Europe' Continent (Original Version)Great Britain
21.9%
8 'Operation' Ailments Worth More Than 100 PointsWater on the Knee
19.3%
10 Original 'Monopoly' Game PiecesCannon
17.5%
9 Numbered 'Stratego' Piece RanksScout
17.3%
9 Numbered 'Stratego' Piece RanksMarshal
16.2%
8 'Operation' Ailments Worth More Than 100 PointsBread Basket
15.7%
9 Numbered 'Stratego' Piece RanksMiner
14.8%
2 Retirement Facilities in 'The Game of Life'Millionaire Estates
13.9%
8 'Operation' Ailments Worth More Than 100 PointsCharley Horse
12.2%
8 'Operation' Ailments Worth More Than 100 PointsWish Bone
11.2%
4 'Cranium' CategoriesCreative Cat
8.7%
8 'Operation' Ailments Worth More Than 100 PointsWriter's Cramp
7%
4 'Cranium' CategoriesWord Worm
6.8%
8 'Operation' Ailments Worth More Than 100 PointsSpare Ribs
6.6%
4 'Cranium' CategoriesData Head
6.2%
4 'Cranium' CategoriesStar Performer
6%
2 Retirement Facilities in 'The Game of Life'Countryside Acres
5.6%
8 'Operation' Ailments Worth More Than 100 PointsAnkle Bone Connected to the Knee Bone
4%
Remove Ads.
Support Sporcle.
Get the best of Sporcle when you Go Orange. This ad-free experience offers more features, more stats, and more fun while also helping to support Sporcle. Thank you for becoming a member.

You're not logged in!

Compare scores with friends on all Sporcle quizzes.
OR
Log In

Show Comments

Extras

Top Quizzes Today


Score Distribution

Your Account Isn't Verified!

In order to create a playlist on Sporcle, you need to verify the email address you used during registration. Go to your Sporcle Settings to finish the process.

Report this User

Report this user for behavior that violates our Community Guidelines.

Details: